| 000 | 00588nam a22001817a 4500 | ||
|---|---|---|---|
| 003 | BD-DhUL | ||
| 005 | 20170517161814.0 | ||
| 008 | 160202s1995 bg a|||| |||| 00| 0 ben | ||
| 040 |
_aBD-DhUL _cBD-DhUL |
||
| 082 |
_a891.444 _bMAR |
||
| 100 | 1 | _aফরহাদ মজহার | |
| 245 | 1 | 0 |
_aরাজকুমারী হাসিনা / _cফরহাদ মজহার |
| 260 |
_aঢাকা : _bদেশ, _c১৯৯৫. |
||
| 300 |
_a125 পৃ. ; _c২৩ সেমি. |
||
| 365 |
_aBDT _b250 |
||
| 651 | 0 | _a বাংলাদেশ - ইতিহাস | |
| 942 |
_2ddc _cBK |
||
| 999 |
_c198815 _d198815 |
||